[Event "OT Richard Sutton Trophy 2015"]
[Site "Dunedin NZL"]
[Date "2015.10.28"]
[Round "1.1"]
[White "Sutherland, John L"]
[Black "Clarkson, Robert D"]
[Result "1-0"]
[WhiteElo "2214"]
[BlackElo "1582"]
[EventDate "2015.10.28"]
[PlyCount "0"]

1.d4 Nf6 2.c4 g6 3.Nc3 c6 4.e4 d6 5.Nf3 Bg7 6.Be2 Qc7 7.Be3 O-O 8.O-O Rd8 
9.h3 e5 10.Qd2 Be6 11.d5 Bd7 12.Rfd1 c5 13.Ne1 Be8 14.Nd3 Nbd7 15.f4 a6 
16.Bf3 Kh8 17.Rf1 Nf8 18.fxe5 dxe5 19.Bxc5 N6d7 20.Be7 Rdc8 21.c5 Bf6 22.
Bd6 Qd8 23.Bg4 Bg5 24.Qf2 Bf6 25.Bxf8 Nxf8 26.Qxf6+ Qxf6 27.Rxf6 Rd8 28.
Nxe5 Kg7 29.Raf1 h5 30.Nxf7 Bxf7 31.Rxf7+ Kg8 32.Be6 Nxe6 33.dxe6 Rac8 34.
Nd5 1-0

[Event "OT Richard Sutton Trophy 2015"]
[Site "Dunedin NZL"]
[Date "2015.10.28"]
[Round "1.2"]
[White "Jellyman, Riley"]
[Black "Johnson, Quentin J F"]
[Result "0-1"]
[WhiteElo "1571"]
[BlackElo "2195"]
[EventDate "2015.10.28"]
[PlyCount "0"]

1.e4 c5 2.Nf3 e6 3.d4 cxd4 4.Nxd4 Nf6 5.e5 Qa5+ 6.c3 Qxe5+ 7.Be2 Nc6 8.Nf3
Qc7 9.Nbd2 d5 10.Nb3 Bd6 11.h3 O-O 12.Be3 Ne4 13.c4 Bb4+ 14.Nbd2 d4 15.O-O
Nxd2 16.Bxd2 e5 17.Bxb4 Nxb4 18.Re1 Bf5 19.Nh4 Be6 20.Qd2 a5 21.Nf3 f6 22.
a3 Nc6 23.b4 axb4 24.axb4 Ne7 25.Nh2 Bxc4 26.Rac1 b5 27.Bd3 Nd5 28.Qe2 Nc3
0-1

[Event "OT Richard Sutton Trophy 2015"]
[Site "Dunedin NZL"]
[Date "2015.10.28"]
[Round "1.3"]
[White "Nicholls, Leighton"]
[Black "Tamimi, Naser"]
[Result "1/2-1/2"]
[WhiteElo "1934"]
[BlackElo "1526"]
[EventDate "2015.10.28"]
[PlyCount "0"]

1.f4 d5 2.Nf3 Bg4 3.Ne5 Bf5 4.d3 e6 5.g3 Nf6 6.Bg2 Bc5 7.c3 Nbd7 8.e3 Nxe5
9.fxe5 Ng4 10.d4 Be7 11.h3 Bxb1 12.Rxb1 Nh6 13.e4 Bg5 14.exd5 exd5 15.Qh5 
Bxc1 16.Rxc1 c6 17.O-O O-O 18.Rf4 Qa5 19.a3 Qb5 20.Rc2 Qd3 21.Rcf2 Qxg3 
22.R2f3 Qg6 23.Qh4 Qb1+ 24.Kh2 Qxb2 25.Rf6 Qd2 26.R3f4 gxf6 27.Qxh6 Qxf4+ 
28.Qxf4 fxe5 29.dxe5 Rfe8 30.Qg5+ Kf8 31.Qh6+ 1/2-1/2

[Event "OT Richard Sutton Trophy 2015"]
[Site "Dunedin NZL"]
[Date "2015.10.28"]
[Round "1.4"]
[White "Lough, Max"]
[Black "Gold, Hamish R"]
[Result "0-1"]
[WhiteElo "1460"]
[BlackElo "1857"]
[EventDate "2015.10.28"]
[PlyCount "0"]

1.e4 c5 2.Bc4 e6 3.Nc3 Nc6 4.Bb3 Nd4 5.Nf3 Nxb3 6.axb3 d5 7.e5 d4 8.Ne4 
Qd5 9.Ng3 Ne7 10.d3 Nc6 11.Bf4 Be7 12.O-O O-O 13.c4 Qd8 14.Re1 b6 15.Ne4 
Bb7 16.Qd2 Qc7 17.h3 Nb4 18.Bh2 a5 19.Re2 Bc6 20.Rae1 a4 21.Qd1 a3 22.bxa3
Rxa3 23.Rb2 Rfa8 24.Qd2 Ra1 25.Rbb1 R8a2 26.Qd1 Rxb1 27.Qxb1 Qa7 28.Nfd2 
Rc2 29.Rc1 Rxc1+ 30.Qxc1 Nxd3 31.Qb1 Nb4 32.f4 b5 33.Bg3 bxc4 34.bxc4 Qa3 
35.Bf2 h6 36.Nb3 Bxe4 37.Qxe4 Qxb3 38.Be1 Qd1 39.Kf2 Qc2+ 40.Qxc2 Nxc2 41.
Ba5 Na3 42.Ke2 Nxc4 43.Bc7 Kf8 44.Kd3 Ne3 45.g4 Ke8 46.Bb6 Kd7 0-1

[Event "OT Richard Sutton Trophy 2015"]
[Site "Dunedin NZL"]
[Date "2015.10.28"]
[Round "1.5"]
[White "Aimers, Geoffrey"]
[Black "Armstrong, John F"]
[Result "1/2-1/2"]
[WhiteElo "1837"]
[BlackElo "1441"]
[EventDate "2015.10.28"]
[PlyCount "0"]

1.e4 d5 2.exd5 Qxd5 3.Nc3 Qa5 4.d4 c6 5.Nf3 Bf5 6.Bc4 Nd7 7.O-O e6 8.Bf4 
Be7 9.a3 Ngf6 10.b4 Qd8 11.Re1 O-O 12.h3 Nb6 13.Bd3 Bxd3 14.Qxd3 Nbd5 15.
Nxd5 cxd5 16.Rac1 h6 17.c4 Bd6 18.Bxd6 Qxd6 19.c5 Qd7 20.Ne5 Qe7 21.b5 Nd7
22.Nf3 Rac8 23.Re2 Nb6 24.Ne5 Nd7 25.Rce1 Nxe5 26.Rxe5 Qf6 27.a4 Ra8 28.g3
Qd8 29.Qc3 Qc7 30.f4 b6 31.c6 a6 32.Rb1 axb5 33.axb5 Ra5 34.Re2 Rfa8 35.
Reb2 Kf8 36.Qb4+ Ke8 37.Qd2 Qa7 38.Qc2 g6 39.c7 Rc8 40.Qc6+ Ke7 41.Rc2 Ra1
42.Rbc1 Rxc1+ 43.Rxc1 h5 1/2-1/2

[Event "OT Richard Sutton Trophy 2015"]
[Site "Dunedin NZL"]
[Date "2015.10.28"]
[Round "1.6"]
[White "Lau, Sean"]
[Black "Duffield, Terence"]
[Result "0-1"]
[WhiteElo "1116"]
[BlackElo "1832"]
[EventDate "2015.10.28"]
[PlyCount "0"]

1.d4 Nf6 2.Nf3 c5 3.Nc3 e6 4.e4 h6 5.Be3 Qb6 6.Rb1 d6 7.Bd3 Ng4 8.Na4 Qa5+
9.c3 Nxe3 10.fxe3 b5 11.b4 Qxa4 12.Qxa4 bxa4 13.e5 cxd4 14.exd4 d5 15.c4 
Nc6 16.c5 a6 17.O-O Be7 18.b5 axb5 19.Bxb5 Bd7 20.Bxc6 Bxc6 21.Rb6 Kd7 22.
Rfb1 Rhc8 23.Ne1 Bd8 24.R6b2 Ba5 25.Nd3 Bc3 26.Rb6 Bxd4+ 27.Kf1 Ra5 28.Rc1
Bb5 29.Ke2 Bxe5 30.Rb7+ Bc7 31.Ke3 Bxd3 32.Kxd3 Rb8 33.c6+ Kc8 34.h4 Rxb7 
35.cxb7+ Kxb7 36.Rf1 f6 37.Kc3 Bd6 38.Rb1+ Kc7 39.Kd4 Be5+ 40.Kd3 Rc5 41.
h5 Rc3+ 42.Kd2 Ra3 43.Rc1+ Kd6 44.Kc2 Rxa2+ 45.Kb1 Rb2+ 46.Ka1 Rxg2+ 47.
Kb1 a3 48.Rc2 Rxc2 49.Kxc2 f5 50.Kb3 Bb2 51.Kc2 f4 52.Kd3 a2 53.Ke2 e5 54.
Kf3 Ke6 55.Kg4 d4 56.Kf3 Kf5 57.Ke2 Ke4 58.Kf2 d3 59.Kg2 Ke3 60.Kh3 d2 61.
Kg4 d1=Q+ 62.Kf5 Qd7+ 63.Kg6 a1=Q 64.Kh7 e4 65.Kg6 Qa6+ 66.Kh7 g5+ 67.Kg8 
Qg7# 0-1

[Event "OT Richard Sutton Trophy 2015"]
[Site "Dunedin NZL"]
[Date "2015.10.28"]
[Round "1.7"]
[White "Southgate, Brent"]
[Black "Lau, Ryan"]
[Result "1-0"]
[WhiteElo "1779"]
[BlackElo "1068"]
[EventDate "2015.10.28"]
[PlyCount "0"]

1.d4 d5 2.Bf4 Nf6 3.e3 Bf5 4.c4 e6 5.Nc3 Nc6 6.a3 Bd6 7.Bxd6 cxd6 8.cxd5 
exd5 9.Be2 O-O 10.Bf3 Be4 11.Nh3 h6 12.Nf4 Ne7 13.O-O g5 14.Nh5 Nxh5 15.
Bxh5 Nf5 16.Re1 Ng7 17.Be2 f5 18.f3 Bxf3 19.Bxf3 f4 20.Bxd5+ Kh8 21.exf4 
Rxf4 22.g3 Rf8 23.Qd3 Qb6 24.b4 Rf6 25.Ne4 Rf5 26.Bb3 d5 27.Nc5 Raf8 28.
Nd7 Qd6 29.Nxf8 Rxf8 30.Bc2 Kg8 31.Rf1 Rf5 32.Rxf5 Nxf5 33.Qxf5 Qe7 34.
Qxd5+ Kg7 35.Qe5+ Qxe5 36.dxe5 Kf7 37.Re1 Ke6 38.Bb3+ Kd7 39.e6+ Ke7 40.
Rd1 Ke8 41.Rd7 b5 42.Rxa7 h5 43.Rb7 h4 44.Rxb5 hxg3 45.hxg3 g4 46.a4 Ke7 
47.a5 Ke8 48.a6 Ke7 49.Rb7+ Ke8 50.a7 Kf8 51.a8=Q# 1-0

[Event "OT Richard Sutton Trophy 2015"]
[Site "Dunedin NZL"]
[Date "2015.10.28"]
[Round "1.8"]
[White "Medlicott, Andrew"]
[Black "Reid, David M"]
[Result "0-1"]
[WhiteElo "919"]
[BlackElo "1690"]
[EventDate "2015.10.28"]
[PlyCount "0"]

1.d4 Nf6 2.Nf3 d5 3.c4 e6 4.Bg5 Be7 5.Nc3 O-O 6.e3 b6 7.Qd3 Bb7 8.Be2 Nc6 
9.e4 Nb4 10.Qb1 dxe4 11.Ne5 Qxd4 12.Bxf6 Bxf6 13.Ng4 Bg5 14.Qxe4 Bxe4 15.
Nxe4 Qxe4 16.Kf1 f5 17.Ne3 Bxe3 18.fxe3 Qxe3 19.a3 Nc2 20.Rd1 Nd4 21.Bf3 
Nxf3 22.gxf3 Qxf3+ 23.Kg1 Qxd1+ 24.Kg2 Qe2+ 25.Kh3 Qf3+ 26.Kh4 Qxh1 27.Kh3
Rad8 28.c5 Rd3+ 29.Kh4 Qxh2+ 30.Kg5 Qg3+ 31.Kh5 g6+ 32.Kh6 Qh4# 0-1

[Event "OT Richard Sutton Trophy 2015"]
[Site "Dunedin NZL"]
[Date "2015.11.04"]
[Round "2.1"]
[White "Duffield, Terence"]
[Black "Sutherland, John L"]
[Result "0-1"]
[WhiteElo "1832"]
[BlackElo "2214"]
[EventDate "2015.10.28"]
[PlyCount "54"]

1.e4 c5 2.d4 cxd4 3.c3 dxc3 4.Nxc3 Nc6 5.Bc4 d6 6.Nf3 a6 7.O-O Nf6 8.e5 
dxe5 9.Qxd8+ Nxd8 10.Nxe5 e6 11.Bg5 Be7 12.Rfd1 h6 13.Bh4 Nd7 14.Nxd7 Bxd7
15.Bg3 b5 16.Be2 Bc6 17.Bf1 Nb7 18.a4 b4 19.Ne2 O-O 20.Nd4 Bd5 21.Rac1 Bc5
22.Be5 Rfc8 23.Rd3 Bd6 24.Rxc8+ Rxc8 25.Nf5 Bf8 26.Rd4 Nc5 27.Bxg7 Bxg7 
0-1

[Event "OT Richard Sutton Trophy 2015"]
[Site "Dunedin NZL"]
[Date "2015.11.04"]
[Round "2.2"]
[White "Johnson, Quentin J F"]
[Black "Southgate, Brent"]
[Result "1-0"]
[WhiteElo "2195"]
[BlackElo "1779"]
[EventDate "2015.10.28"]
[PlyCount "57"]

1.d4 d5 2.c4 c6 3.Nf3 Nf6 4.Nc3 dxc4 5.a4 Bf5 6.e3 e6 7.Bxc4 Bb4 8.O-O h6 
9.Qe2 Bh7 10.Rd1 Qe7 11.Ne5 Nbd7 12.Nxd7 Nxd7 13.e4 Nf6 14.f3 Rd8 15.Be3 
b6 16.Na2 O-O 17.Nxb4 Qxb4 18.b3 Rfe8 19.Bd2 Qe7 20.Bc3 c5 21.Bb5 Nd7 22.
d5 exd5 23.Rxd5 Nf6 24.Re5 Qxe5 25.Bxe5 Rxe5 26.Rd1 Rxd1+ 27.Qxd1 Ne8 28.
Qd7 Kf8 29.Qxa7 1-0

[Event "OT Richard Sutton Trophy 2015"]
[Site "Dunedin NZL"]
[Date "2015.11.04"]
[Round "2.4"]
[White "Reid, David M"]
[Black "Nicholls, Leighton"]
[Result "0-1"]
[WhiteElo "1690"]
[BlackElo "1934"]
[EventDate "2015.10.28"]
[PlyCount "82"]

1.d4 Nf6 2.c4 c5 3.d5 b5 4.b3 g6 5.Nd2 bxc4 6.bxc4 Bg7 7.Rb1 d6 8.a4 Bf5 
9.Rb3 e6 10.dxe6 fxe6 11.e3 Nc6 12.Bd3 Ne5 13.Bxf5 exf5 14.Ngf3 O-O 15.O-O
Qc7 16.Qc2 Rab8 17.Bb2 Rb4 18.Rxb4 cxb4 19.Qb3 a5 20.Nd4 Rc8 21.Ne6 Qf7 
22.Nxg7 Kxg7 23.Rc1 Kh6 24.f4 Ned7 25.Bd4 Nc5 26.Bxc5 Rxc5 27.Qd3 d5 28.
Qd4 Nd7 29.Kf2 Qe7 30.Nb3 Rxc4 31.Rxc4 dxc4 32.Qxc4 Qh4+ 33.Kg1 Qe1+ 34.
Qf1 Qxe3+ 35.Qf2 Qxb3 36.Qh4+ Kg7 37.Qe7+ Qf7 38.Qe2 Qf6 39.Qb5 Qb6+ 40.
Kf1 Qxb5+ 41.axb5 b3 0-1

[Event "OT Richard Sutton Trophy 2015"]
[Site "Dunedin NZL"]
[Date "2015.11.04"]
[Round "2.5"]
[White "Tamimi, Naser"]
[Black "Aimers, Geoffrey"]
[Result "0-1"]
[WhiteElo "1526"]
[BlackElo "1837"]
[EventDate "2015.10.28"]
[PlyCount "90"]

1.d4 Nf6 2.c4 g6 3.e3 Bg7 4.Nf3 O-O 5.Nbd2 c5 6.Qc2 cxd4 7.Nxd4 Nc6 8.b3 
Nxd4 9.exd4 d5 10.Nf3 Bf5 11.Bd3 Ne4 12.O-O Rc8 13.Bb2 dxc4 14.bxc4 Nd6 
15.c5 b6 16.Bxf5 Nxf5 17.Rad1 Qc7 18.Ba3 Rfd8 19.Qc4 Qf4 20.Bc1 Qc7 21.Ba3
Qd7 22.Ne5 Bxe5 23.dxe5 Qxd1 24.g4 Qd4 25.Qe2 Ng7 26.cxb6 axb6 27.Bxe7 Rd7
28.Qa6 Qxg4+ 29.Kh1 Rxe7 30.f3 Qd7 31.Qxb6 Qd3 32.Rf2 Nf5 33.Qf6 Ne3 34.h4
Re6 35.Qg5 Rc4 36.Qg3 Nf5 37.Qg5 Rxh4+ 38.Kg2 Rxe5 39.Qc1 Rc4 40.Qb2 Nh4+ 
41.Kh2 Qd6 42.Kh3 Rg5 43.f4 Qd3+ 44.Kh2 Qg3+ 45.Kh1 Qg1# 0-1

[Event "OT Richard Sutton Trophy 2015"]
[Site "Dunedin NZL"]
[Date "2015.11.04"]
[Round "2.6"]
[White "Armstrong, John F"]
[Black "Jellyman, Riley"]
[Result "1/2-1/2"]
[WhiteElo "1441"]
[BlackElo "1571"]
[EventDate "2015.10.28"]
[PlyCount "117"]

1.b3 d5 2.Bb2 Nc6 3.d4 Nf6 4.Nf3 Bf5 5.Ba3 a5 6.e3 Nb4 7.Bxb4 axb4 8.Bd3 
Bg4 9.Be2 e6 10.Nbd2 Bd6 11.h3 Bh5 12.Nh2 Bxe2 13.Qxe2 Ra6 14.Ng4 Nxg4 15.
Qxg4 Rg8 16.Qe2 Qa8 17.O-O Kd7 18.e4 c6 19.e5 Be7 20.Qh5 Rxa2 21.Rxa2 Qxa2
22.Qxh7 Rf8 23.Qd3 Qa6 24.Qxa6 bxa6 25.Ra1 Ra8 26.f4 c5 27.Nf3 cxd4 28.
Nxd4 Bc5 29.Rd1 Rc8 30.Kh2 Bb6 31.Rd2 Bxd4 32.Rxd4 a5 33.Rd2 Rc3 34.h4 Kc6
35.h5 Kb5 36.Rf2 a4 37.bxa4+ Kxa4 38.g4 d4 39.g5 d3 40.cxd3 Rxd3 41.h6 
gxh6 42.gxh6 Rd8 43.Kg3 Ka3 44.f5 b3 45.fxe6 fxe6 46.Rf7 b2 47.Ra7+ Kb3 
48.Rb7+ Kc2 49.Rc7+ Kd3 50.Rb7 Ke4 51.Rxb2 Rh8 52.Rh2 Kxe5 53.Kf3 Kf5 54.
Rh5+ Kg6 55.Re5 Re8 56.Ke4 Kxh6 57.Ra5 Kg6 58.Ke5 Kf7 59.Ra7+ 1/2-1/2

[Event "OT Richard Sutton Trophy 2015"]
[Site "Dunedin NZL"]
[Date "2015.11.04"]
[Round "2.7"]
[White "Clarkson, Robert D"]
[Black "Medlicott, Andrew"]
[Result "1-0"]
[WhiteElo "1582"]
[BlackElo "919"]
[EventDate "2015.10.28"]
[PlyCount "73"]

1.Nf3 d5 2.g3 Nc6 3.d4 Nf6 4.Bg2 Bg4 5.Nbd2 e6 6.O-O Bf5 7.a3 a5 8.c4 Be7 
9.Qb3 b6 10.cxd5 Qxd5 11.Qxd5 Nxd5 12.e4 Bxe4 13.Nxe4 O-O 14.Nc3 Rad8 15.
Nxd5 exd5 16.Bf4 Bf6 17.Bxc7 Nxd4 18.Nxd4 Bxd4 19.Bxd8 Rxd8 20.Rab1 Bf6 
21.Rfe1 g6 22.Re3 d4 23.Rd3 b5 24.b4 a4 25.Bc6 Rb8 26.Kg2 Kg7 27.Rc1 h5 
28.Rc5 Be7 29.Rd5 Rb6 30.Bxb5 Bxb4 31.axb4 Kf8 32.R3xd4 f5 33.Bxa4 f4 34.
Rxf4+ Ke7 35.Re4+ Kf8 36.Rd7 Kg8 37.Re8# 1-0

[Event "OT Richard Sutton Trophy 2015"]
[Site "Dunedin NZL"]
[Date "2015.11.11"]
[Round "3.1"]
[White "Sutherland, John L"]
[Black "Johnson, Quentin J F"]
[Result "1-0"]
[WhiteElo "2214"]
[BlackElo "2195"]
[EventDate "2015.10.28"]
[PlyCount "95"]

1.d4 d5 2.c4 e6 3.Nc3 Bb4 4.Nf3 Nf6 5.Bg5 h6 6.Bh4 c5 7.e3 O-O 8.cxd5 exd5
9.Bd3 Nbd7 10.O-O Qa5 11.Ne2 c4 12.Bb1 Ne4 13.a3 Bd6 14.Bxe4 dxe4 15.Nd2 
Qc7 16.Nxe4 Bxh2+ 17.Kh1 Bd6 18.N2c3 a6 19.Nd5 Qc6 20.Nxd6 Qxd6 21.Qf3 Nb6
22.Ne7+ Kh8 23.Nxc8 Nxc8 24.Rac1 Qb6 25.Qe2 Nd6 26.Be7 Rfc8 27.Bxd6 Qxd6 
28.Rxc4 Rc7 29.Rfc1 Rxc4 30.Qxc4 Qe7 31.Qc7 Re8 32.d5 Kg8 33.Kg1 f5 34.d6 
Qxc7 35.dxc7 Rc8 36.Kf1 Kf7 37.Ke2 Ke6 38.Kd3 Kd5 39.b4 b6 40.f3 g6 41.e4+
fxe4+ 42.fxe4+ Kd6 43.Kd4 Rxc7 44.e5+ Kd7 45.e6+ Kd6 46.Rxc7 Kxc7 47.Ke5 
Kd8 48.Kf6 1-0

[Event "OT Richard Sutton Trophy 2015"]
[Site "Dunedin NZL"]
[Date "2015.11.11"]
[Round "3.2"]
[White "Aimers, Geoffrey"]
[Black "Gold, Hamish R"]
[Result "1-0"]
[WhiteElo "1837"]
[BlackElo "1857"]
[EventDate "2015.10.28"]
[PlyCount "0"]

1.e4 c5 2.Nf3 Nc6 3.c3 d6 4.d4 b6 5.Bb5 Bd7 6.Qa4 Qc7 7.d5 Nb8 8.Na3 a6 9.
O-O Bxb5 10.Nxb5 Qd7 11.Nc7+ Kd8 12.Qxd7+ Nxd7 13.Nxa8 Kc8 14.b4 Kb7 15.
bxc5 Kxa8 16.cxb6 Nxb6 17.Rb1 Nd7 18.Nd4 Ngf6 19.f3 g6 20.Nc6 e6 21.Ba3 
exd5 22.exd5 Nxd5 23.Rfe1 Bh6 24.c4 Ne3 25.Bc1 Nf5 26.Bxh6 Nxh6 27.Re7 1-0

[Event "OT Richard Sutton Trophy 2015"]
[Site "Dunedin NZL"]
[Date "2015.11.11"]
[Round "3.3"]
[White "Nicholls, Leighton"]
[Black "Duffield, Terence"]
[Result "1-0"]
[WhiteElo "1934"]
[BlackElo "1832"]
[EventDate "2015.10.28"]
[PlyCount "49"]

1.f4 e5 2.fxe5 d6 3.exd6 Bxd6 4.Nf3 g5 5.g3 g4 6.Nh4 f5 7.e3 Nf6 8.Bg2 Nh5
9.O-O Bxg3 10.Nxf5 Bxh2+ 11.Kxh2 Bxf5 12.Rxf5 Qh4+ 13.Kg1 Nc6 14.b3 O-O-O 
15.Ba3 Ng3 16.Rf4 h5 17.Nc3 Ne5 18.Ne4 Rhe8 19.Qe1 Ng6 20.Qxg3 Qxg3 21.
Nxg3 Nxf4 22.exf4 h4 23.Ne4 g3 24.d3 Rd7 25.Bh3 1-0

[Event "OT Richard Sutton Trophy 2015"]
[Site "Dunedin NZL"]
[Date "2015.11.11"]
[Round "3.4"]
[White "Southgate, Brent"]
[Black "Armstrong, John F"]
[Result "1-0"]
[WhiteElo "1779"]
[BlackElo "1441"]
[EventDate "2015.10.28"]
[PlyCount "81"]

1.d4 d5 2.Bf4 Bf5 3.c4 c6 4.Nc3 Nf6 5.e3 e6 6.Qb3 Qb6 7.c5 Qxb3 8.axb3 Ne4
9.Nge2 Nd7 10.f3 Nef6 11.b4 Bd3 12.Nc1 Bxf1 13.Rxf1 b6 14.Nd3 b5 15.Ra6 
Rc8 16.Kf2 Be7 17.h3 O-O 18.Rxa7 Ra8 19.Rfa1 Rxa7 20.Rxa7 Rc8 21.Ne5 Rd8 
22.Nxc6 Re8 23.Nxe7+ Rxe7 24.Ra8+ Nf8 25.Bd6 Re8 26.Rxe8 Nxe8 27.Nxb5 Nxd6
28.Nxd6 Nd7 29.b5 Kf8 30.c6 Nb6 31.c7 Ke7 32.c8=Q Nxc8 33.Nxc8+ Kd7 34.
Nb6+ Kc7 35.Na4 h6 36.Ke2 g6 37.Kd3 f6 38.Kc3 h5 39.Kb4 e5 40.Kc5 exd4 41.
exd4 1-0

[Event "OT Richard Sutton Trophy 2015"]
[Site "Dunedin NZL"]
[Date "2015.11.11"]
[Round "3.5"]
[White "Lau, Ryan"]
[Black "Reid, David M"]
[Result "0-1"]
[WhiteElo "1068"]
[BlackElo "1690"]
[EventDate "2015.10.28"]
[PlyCount "116"]

1.e4 c5 2.Nf3 d6 3.Nc3 a6 4.d4 cxd4 5.Nxd4 e5 6.Nf3 Nf6 7.Bg5 Be6 8.b3 Be7
9.Nd5 Bxd5 10.exd5 Nbd7 11.c4 O-O 12.Be2 h6 13.Bh4 Nc5 14.O-O Re8 15.b4 
Ncd7 16.c5 Nf8 17.Rc1 Ng6 18.g3 Nxh4 19.Nxh4 e4 20.Nf5 Bf8 21.Bg4 g6 22.
Nh4 Re5 23.Qe2 Rxd5 24.c6 Qc7 25.Bd7 Nxd7 26.cxd7 Qxd7 27.Qxe4 Re5 28.Qd3 
d5 29.Rfe1 Rxe1+ 30.Rxe1 Bxb4 31.Re5 Rd8 32.Qd4 Bf8 33.Qd3 Qd6 34.Re3 b5 
35.Nf3 Qc5 36.Ne5 d4 37.Re2 Qc3 38.Qd1 d3 39.Rd2 Qxe5 40.Rxd3 Rxd3 41.Qxd3
Qa1+ 42.Kg2 Qxa2 43.h4 Qc4 44.Qb1 f5 45.Qd1 b4 46.Qa4 Qb5 47.Qb3+ Kg7 48.
Qb2+ Kf7 49.Qb3+ Kf6 50.Qb2+ Qe5 51.Qxb4 Bxb4 52.f3 Qe2+ 53.Kh3 Qxf3 54.
Kh2 a5 55.h5 gxh5 56.g4 hxg4 57.Kg1 Bc5+ 58.Kh2 Qh3# 0-1

[Event "OT Richard Sutton Trophy 2015"]
[Site "Dunedin NZL"]
[Date "2015.11.11"]
[Round "3.6"]
[White "Jellyman, Riley"]
[Black "Clarkson, Robert D"]
[Result "0-1"]
[WhiteElo "1571"]
[BlackElo "1582"]
[EventDate "2015.10.28"]
[PlyCount "42"]

1.e4 c5 2.Nf3 Nc6 3.Bb5 Qc7 4.O-O e5 5.Bxc6 bxc6 6.b3 Nf6 7.Re1 Be7 8.h3 
O-O 9.c3 d6 10.d4 Rd8 11.Nbd2 Ba6 12.Qc2 Rab8 13.Bb2 Nd7 14.dxe5 dxe5 15.
c4 f6 16.Nf1 Nf8 17.Ne3 Ne6 18.Rad1 g6 19.Rxd8+ Rxd8 20.Qc3 Nf4 21.Rd1 
Ne2+ 0-1

[Event "OT Richard Sutton Trophy 2015"]
[Site "Dunedin NZL"]
[Date "2015.11.18"]
[Round "4.1"]
[White "Nicholls, Leighton"]
[Black "Sutherland, John L"]
[Result "1/2-1/2"]
[WhiteElo "1934"]
[BlackElo "2214"]
[EventDate "2015.10.28"]
[PlyCount "97"]

1.f4 d5 2.Nf3 Nf6 3.g3 Nc6 4.Bg2 Bf5 5.O-O Qd7 6.d3 Bh3 7.Qe1 Bxg2 8.Kxg2 
e6 9.c3 Bc5 10.e4 dxe4 11.dxe4 Qd3 12.Nbd2 Ng4 13.Nb3 Qc2+ 14.Kh1 Nf2+ 15.
Kg2 Nxe4+ 16.Kh1 Nf2+ 17.Kg2 Ng4+ 18.Kh1 Bb6 19.h3 Nf2+ 20.Kg2 Ne4+ 21.
Nfd2 Nxd2 22.Qxd2 Qe4+ 23.Kh2 Rd8 24.Qg2 Qxg2+ 25.Kxg2 O-O 26.Rf3 Rd1 27.
Be3 Rxa1 28.Nxa1 Bxe3 29.Rxe3 Rd8 30.Nb3 a5 31.a4 b6 32.Kf3 Kf8 33.Re2 Ke7
34.Ke3 Nb8 35.Rd2 Rxd2 36.Nxd2 Na6 37.Kd4 f6 38.Ne4 Kd7 39.Kc4 f5 40.Nd2 
Nc5 41.b3 Kd6 42.Kd4 Nd7 43.Nc4+ Ke7 44.b4 Nb8 45.Ne5 Kd6 46.Nc4+ Ke7 47.
Ne5 Kd6 48.Nc4+ Ke7 49.Ne5 1/2-1/2

[Event "OT Richard Sutton Trophy 2015"]
[Site "Dunedin NZL"]
[Date "2015.11.18"]
[Round "4.2"]
[White "Johnson, Quentin J F"]
[Black "Aimers, Geoffrey"]
[Result "0-1"]
[WhiteElo "2195"]
[BlackElo "1837"]
[EventDate "2015.10.28"]
[PlyCount "110"]

1.d4 Nf6 2.Nf3 g6 3.c4 Bg7 4.Nc3 d5 5.cxd5 Nxd5 6.e4 Nxc3 7.bxc3 O-O 8.Be2
c5 9.O-O Nc6 10.Be3 Qa5 11.Qb3 cxd4 12.cxd4 Qb4 13.Qd3 e6 14.Rab1 Qe7 15.
Qd2 Rd8 16.Rfd1 e5 17.d5 Nd4 18.Nxd4 exd4 19.Bxd4 Qxe4 20.Bxg7 Kxg7 21.Bf3
Qf5 22.d6 Rb8 23.Qd4+ Kg8 24.Qxa7 Be6 25.Rxb7 Ra8 26.Qb6 Bxa2 27.h3 Qe5 
28.Re7 Qa5 29.Qd4 Rab8 30.Bg4 Rb4 31.Qe3 Qa4 32.Rd2 h5 33.Bd7 Rxd7 34.Re8+
Kg7 35.Qe5+ f6 36.Re7+ Bf7 37.Qe6 Rb1+ 38.Kh2 Qf4+ 39.g3 Rxe7 40.gxf4 Rxe6
41.d7 Rb8 42.d8=Q Rxd8 43.Rxd8 Re2 44.Kg3 Ra2 45.Rd7 f5 46.Rb7 Ra6 47.Rb8 
Kf6 48.Rf8 Ke7 49.Rb8 Ra3+ 50.Kh4 Kf6 51.Rb6+ Be6 52.Rb8 Rf3 53.Rf8+ Bf7 
54.Rg8 Rxf4+ 55.Kg3 Bxg8 0-1

[Event "OT Richard Sutton Trophy 2015"]
[Site "Dunedin NZL"]
[Date "2015.11.18"]
[Round "4.3"]
[White "Gold, Hamish R"]
[Black "Reid, David M"]
[Result "1-0"]
[WhiteElo "1857"]
[BlackElo "1690"]
[EventDate "2015.10.28"]
[PlyCount "87"]

1.c4 e5 2.Nf3 Nc6 3.d3 Be7 4.Nc3 Nf6 5.g3 d6 6.Bg2 h6 7.Rb1 Rb8 8.b4 a6 9.
a4 Bd7 10.O-O O-O 11.h3 Qc8 12.Kh2 Nd8 13.Nd5 Nxd5 14.cxd5 c6 15.e4 f5 16.
exf5 Bxf5 17.Be3 cxd5 18.Rc1 Qe6 19.g4 Bh7 20.g5 Nf7 21.gxh6 Nxh6 22.Ng5 
Bxg5 23.Bxg5 Nf5 24.Qb3 e4 25.dxe4 Qe5+ 26.f4 Nd4 27.Qe3 Nf5 28.Qd2 Qd4 
29.Qxd4 Nxd4 30.exd5 Rbc8 31.Be7 Rfe8 32.Bxd6 Nc2 33.Rf2 Kf7 34.Bc5 b5 35.
d6 Re1 36.Rxe1 Nxe1 37.Bd5+ Kf6 38.axb5 axb5 39.Re2 Bf5 40.Rxe1 Bd7 41.Re7
Bc6 42.Bxc6 Rxc6 43.Rc7 Ra6 44.d7 1-0

[Event "OT Richard Sutton Trophy 2015"]
[Site "Dunedin NZL"]
[Date "2015.11.18"]
[Round "4.4"]
[White "Clarkson, Robert D"]
[Black "Southgate, Brent"]
[Result "0-1"]
[WhiteElo "1582"]
[BlackElo "1779"]
[EventDate "2015.10.28"]
[PlyCount "68"]

1.Nf3 d5 2.d4 Nf6 3.e3 Bf5 4.Bb5+ c6 5.Bd3 Bg6 6.Bxg6 hxg6 7.c3 Nbd7 8.Qb3
Qc7 9.Nbd2 e6 10.Nf1 Ne4 11.N1d2 Ndf6 12.Nxe4 Nxe4 13.Ne5 Bd6 14.Bd2 O-O-O
15.O-O-O Bxe5 16.Be1 Rxh2 17.Rg1 Bf6 18.Qc2 Rdh8 19.f3 Ng3 20.f4 Ne4 21.
Qe2 Bh4 22.Qf1 Bxe1 23.Rxe1 Qa5 24.a3 Qd8 25.Qf3 f5 26.Re2 g5 27.fxg5 Qxg5
28.Kc2 Qh5 29.g4 Rxe2+ 30.Qxe2 Qh2 31.Rg2 Qc7 32.gxf5 exf5 33.Qf3 Nd6 34.
b3 Qe7 0-1

[Event "OT Richard Sutton Trophy 2015"]
[Site "Dunedin NZL"]
[Date "2015.11.18"]
[Round "4.5"]
[White "Tamimi, Naser"]
[Black "Lau, Sean"]
[Result "1-0"]
[WhiteElo "1526"]
[BlackElo "1116"]
[EventDate "2015.10.28"]
[PlyCount "127"]

1.e4 e5 2.Nf3 Nc6 3.Bc4 Bc5 4.c3 d6 5.a4 a6 6.b4 Ba7 7.Qb3 Qf6 8.d3 h6 9.
Be3 Be6 10.Nbd2 Nge7 11.O-O O-O 12.Bxa7 Rxa7 13.h3 b5 14.Bd5 Bxd5 15.exd5 
bxa4 16.Rxa4 Nd8 17.Rfa1 Ng6 18.Rxa6 Rxa6 19.Rxa6 Nf4 20.Qc4 Qg6 21.g3 
Nxh3+ 22.Kg2 Nf4+ 23.Kf1 Qxd3+ 24.Qxd3 Nxd3 25.Ra7 c6 26.dxc6 Nxc6 27.Ra6 
Ne7 28.Rxd6 Nb2 29.Nxe5 Nf5 30.Ra6 f6 31.Nec4 Nxc4 32.Nxc4 Rc8 33.Na5 Rxc3
34.b5 Rc1+ 35.Kg2 Rb1 36.b6 Nd6 37.b7 Nxb7 38.Ra8+ Kh7 39.Rb8 Nxa5 40.Rxb1
Kg6 41.Kh3 Nc6 42.f4 Nd4 43.Kg4 h5+ 44.Kh3 Kf5 45.Rd1 Ne6 46.Rd5+ Kg6 47.
f5+ Kf7 48.fxe6+ Kxe6 49.Rxh5 Kf7 50.Kg4 g6 51.Ra5 Kg7 52.Kf4 Kh6 53.g4 
Kg7 54.g5 f5 55.Ra7+ Kf8 56.Ke5 Ke8 57.Kf6 f4 58.Kxg6 f3 59.Rf7 f2 60.Rxf2
Kd7 61.Rf6 Ke7 62.Kh7 Ke8 63.g6 Ke7 64.Rf1 1-0

[Event "OT Richard Sutton Trophy 2015"]
[Site "Dunedin NZL"]
[Date "2015.11.18"]
[Round "4.6"]
[White "Duffield, Terence"]
[Black "Lau, Ryan"]
[Result "1-0"]
[WhiteElo "1832"]
[BlackElo "1068"]
[EventDate "2015.10.28"]
[PlyCount "59"]

1.e4 e5 2.f4 d6 3.Nf3 Nc6 4.Bc4 Be6 5.Bxe6 fxe6 6.O-O Nf6 7.Nc3 exf4 8.d4 
e5 9.d5 Ne7 10.Qe2 c6 11.Rd1 Qb6+ 12.Kh1 Ng4 13.Rd2 h5 14.Na4 Qc7 15.c4 a6
16.Ng5 Qa5 17.Nc3 b5 18.Rb1 Ne3 19.b4 Qb6 20.cxb5 cxb5 21.Rd3 Nc4 22.a4 
Rc8 23.axb5 axb5 24.g3 fxg3 25.Rxg3 Ng8 26.Ne6 Nf6 27.Bg5 Ng4 28.Rf1 g6 
29.Qf3 Nd2 30.Qf7# 1-0

[Event "OT Richard Sutton Trophy 2015"]
[Site "Dunedin NZL"]
[Date "2015.11.25"]
[Round "5.1"]
[White "Sutherland, John L"]
[Black "Aimers, Geoffrey"]
[Result "1-0"]
[WhiteElo "2214"]
[BlackElo "1837"]
[EventDate "2015.10.28"]
[PlyCount "59"]

1.d4 Nf6 2.Nf3 g6 3.Bg5 Bg7 4.Nc3 d5 5.Qd3 O-O 6.e4 Nc6 7.e5 Nb4 8.Qd2 Ne4
9.Nxe4 dxe4 10.Qxb4 f6 11.Nd2 fxg5 12.Nxe4 e6 13.O-O-O b6 14.Bc4 Kh8 15.f3
g4 16.fxg4 Bb7 17.Rhe1 Bd5 18.Bxd5 exd5 19.Nc3 Qg5+ 20.Kb1 Qxg4 21.Nxd5 
Qxg2 22.Nxc7 Rac8 23.Ne6 Qxc2+ 24.Ka1 a5 25.Qe7 Rg8 26.Nxg7 Rxg7 27.Qf6 
Qf5 28.Qxb6 Rgc7 29.a3 Qf3 30.d5 1-0

[Event "OT Richard Sutton Trophy 2015"]
[Site "Dunedin NZL"]
[Date "2015.11.25"]
[Round "5.2"]
[White "Southgate, Brent"]
[Black "Nicholls, Leighton"]
[Result "0-1"]
[WhiteElo "1779"]
[BlackElo "1934"]
[EventDate "2015.10.28"]
[PlyCount "36"]

1.d4 Nf6 2.Bf4 c5 3.e3 e6 4.Bd3 cxd4 5.exd4 Nc6 6.c3 d5 7.Nf3 Bd6 8.Ne5 
Qc7 9.Qe2 Nd7 10.Nxf7 Kxf7 11.Qh5+ Kf8 12.Bg3 Nf6 13.Qe2 Bd7 14.Nd2 Re8 
15.O-O e5 16.Qf3 e4 17.Bxd6+ Qxd6 18.Bxe4 dxe4 0-1